00403nam a2200133 a 4500008004100000050001800041100001400059245004800073246005800121260004200179300002200221350000900243700001700252120416s1968 ||||||||||||||||| || u aTA 418.14 Eng aHeyman, J10aEngineering plasticitycedited by J. Heyman apapers for a conference held in Cambridge, March 1968 aCambridgebThe University Pressc1968 aviii, 705p. : ill a0.00 aLeckie, F. A